01012nas a2200229Ia 4500001001100000003000900011008004100020040001300061040001300074041001300087100004600100210001200146222001200158245014200170250001100312260002200323501008600345300001800431362003000449500026000479650004300739R142/77666IT-RoPAU151124c99999999xx |||||||||||| ||und|| aIT-RoPAU cIT-RoPAU aFRANCESE aSimon Jean-PaulgCodice Aut. SPICS: 1244 aRESEAUX aReseaux aRESEAUX, N.040 (MARZO/APRILE 1990)bMain Invisible (La): L'Interventionnisme Des Tribunaux Et Des Instances Reglementaires Aux Etats Unis a1a ed. aPARISbCNETc1990 bPaulus - SPICS - Società San Paolo EM (non-commercial uses only)cCopyright2015 a21 p. [71-91] aN.040 (MARZO/APRILE 1990) aMano Invisibile: Interventismo dei Tribunali e Delle Istanze di Regolamentazione Negli Stati Uniti. Controlli Incrociati Legislativi ed Esecutivi. Governo Giudiziario. Istanza di Regolamentazione: Agenzie Indipendenti. Equilibrio Delicato tra Utenti e Ind aCOMUNICAZIONEvPUBBLICAZIONE PERIODICA